000 01030nam a2200301 i 4500
003 EG-GICUC
005 20260323111326.0
008 260323s1888 fr |||fr|||| 000 0 fre d
040 _aEG-GiCUC
_bfre
_cEG-GiCUC
_dEG-GiCUC
_eRda
041 0 _afre
082 0 4 _a343.101044
_221
_bG A. T
092 0 4 _221
_a343.1
_bG A. T
099 _aLaw 1 10 343.101044 G A. T 1888
100 1 _aGarraud, R
_eAuteur
245 1 0 _aTraité théorique et pratique du droit pénal français.
_nTome Premire /
_cPar R. Garraud.
_h
264 1 _aParis :
_bL. Larose Et Forcel,
_c1888.
300 _a631 Pages ;
_c 24 cm.
336 _2rda contenu
_a texte
337 _2rda medias
_aOrdinateur
338 _2 transporteur rda
_a Ressource en ligne
546 _aTexte en français
650 0 4 _aDroit Pénal Général.
_yFrance
_xPhilosophie et théories
_2qrmak
650 0 4 _aDroit De Pénal
_zqrmak
_2qrmak
651 1 _2qrmak
856 4 0 _uhttps://fll.law.cu.edu.eg/fulltext/bks/B10-08196.pdf
905 _a54
942 _2ddc
_cBK
_e21
_n0
999 _c66517
_d66517